Responses for Show #1556 - Monday, May 13, 1991

1991 College Championship semifinal game 1.

Contestants

[<< previous game]

Andre DuVoisin, a senior from the University of New Orleans

Michael Cantor, a senior from Princeton University

Katie Czukas, a senior from the University of California at Berkeley

[next game >>]

Jeopardy! Round responses

COLLEGE FILMS
WORLD LANDMARKS
PHOBIAS
GAMES
QUOTES
& IN OTHER NEWS...
    $100 9
Rodney Dangerfield

Michael
    $100 1
the Kremlin

André
    $100 2
mice

Michael
    $100 17
spaghetti

Katie
    $100 28
lives

André
    $100 3
a tornado

Katie
    $200 10
Revenge of the Nerds

André
    $200 4
the Eiffel Tower

Katie
    $200 8
the woods (the trees)

Katie
    $200 18
Clue (Jr.)

André
    $200 29
Paul Revere

André
    $200 22
Beta

Michael
    $300 12
The Paper Chase

Katie
    $300 5
Venice

Katie
    $300 11
floods

Katie
    $300 19
chess

Katie
    $300 27
Independence Day (the 4th of July)

Katie
    $300 23
van Gogh

André
    $400 13
Dennis Quaid

Michael
    $400 6
the Great Wall of China

Katie
    $400 15
the doctor

André
    $400 20
(André: What is a monkey?)

a worm

MichaelAndré
    $1,800 26
a smile

André
    $400 24
(Katie: Who is Encyclopedia Brown?)

Tom Swift

Katie
Triple Stumper
    $500 14
Flatliners

André
    $500 7
Big Ben

André
    $500 16
Cats

Katie
    $500 21
Operation

Michael
    $500 30
the heart

Michael
    $500 25
(Michael: What is New York?)
(Katie: What is Cleveland?)

Baltimore (Maryland)

KatieMichael
Triple Stumper

Scores at the first commercial break (after clue 16):

Katie Michael André
$2,300 $600 $1,700

Scores at the end of the Jeopardy! Round:

Katie Michael André
$2,100 $1,700 $3,900

Double Jeopardy! Round responses

NOVELS
AGRICULTURE
SCIENTISTS
NOVA SCOTIA
THEATRE
LEFTOVERS
    $200 7
(Michael: What is The Way of All Things?)

The Way of All Flesh

Michael
Triple Stumper
    $200 26
cotton

André
    $200 1
hydrogen & oxygen

Katie
    $200 16
New Scotland

Katie
    $200 2
The Odd Couple

André
    $200 21
a kangaroo

Katie
    $400 6
Theodore Dreiser

Michael
    $400 28
maize

Katie
    $400 8
DNA

André
    $400 17
Sydney

Katie
    $400 12
(David) Mamet

André
    $400 22
Richmond

Michael
    $600 3
(Mario) Puzo

André
    $600 29
the Future Farmers of America

Katie
    $600 9
Newton

André
    $600 18
a unicorn

Michael
    $600 13
(Katie: Who is Aeschylus?)

Aristophanes

KatieAndré
    $600 23
a poltergeist

André
    $3,700 4
Arrowsmith

André
    $100 27
the Soviet Union

André
    $800 10
Van Allen

André
    $800 19
(André: What is St. John's?)

Halifax

MichaelAndré
    $800 14
A Raisin in the Sun

André
    $800 24
(U.S.) Grant

André
    $1000 5
Brideshead

Triple Stumper
    $1000 30
horticulture

Michael
    $1000 11
Mendeleev

André
    $1000 20
Evangeline

Triple Stumper
    $1000 15
Rappaport

Katie
    $1000 25
(Katie: What are A, B & C?)

CTW (Children's Television Workshop)

KatieMichael

Scores at the end of the Double Jeopardy! Round:

Katie Michael André
$3,500 $5,700 $13,900
(lock game)

[wagering suggestions for these scores]

Final Jeopardy! Round responses

BRITISH HISTORY
[NOTE: André drew a smiley face inside the O.)
KatieWho is Oliver Cromwell?
$3,498
MichaelWho is Charles II?
$2,000
AndréWho is Oliver Cromwell?
$0
Oliver Cromwell

Final scores:

Katie Michael André
$6,998 $3,700 $13,900
2nd place: $5,000 3rd place: $5,000 Finalist

Game dynamics:

Coryat scores:

Katie Michael André
$3,500 $5,700 $10,300
18 R,
4 W
13 R,
2 W
24 R
(including 3 DDs),
2 W

Combined Coryat: $19,500

[game clues] [game scores] [suggest correction]

Game tape date: 1991-04-07
The J! Archive is created by fans, for fans. Scraping, republication, monetization, and malicious use prohibited; this site may use cookies and collect identifying information. See terms. The Jeopardy! game show and all elements thereof, including but not limited to copyright and trademark thereto, are the property of Jeopardy Productions, Inc. and are protected under law. This website is not affiliated with, sponsored by, or operated by Jeopardy Productions, Inc. Join the discussion at JBoard.tv.